Words Within Words 'S' Blitz Quiz Stats

 Plays Quiz Updated May 31, 2019

Support Sporcle.
Go Orange.
Score 0/30 Timer 01:30
4 Plays Today
% Correct
ink
93.6%
lip
93.3%
lash
92.3%
well
92.1%
tick
91.8%
wine
90.9%
ash
90.2%
ore
90%
pray
89.9%
oar
89.9%
cream
89.7%
tar
89.7%
hoe
89.5%
kill
89.3%
core
89%
% Correct
crew
88.8%
have
86.9%
troll
86.7%
word
86.4%
wish
86.3%
poke
84.8%
ear
83.5%
trap
83.5%
train
83.4%
now
83.1%
tint
81.8%
ever
78.5%
mite
77.8%
crawl
70.2%
trove
61.2%

From the Vault

Africa Without Sporcle

by alinrotundu

No continent should go without Sporcle.
Remove Ads.
Support Sporcle.
Get the best of Sporcle when you Go Orange. This ad-free experience offers more features, more stats, and more fun while also helping to support Sporcle. Thank you for becoming a member.

Show Comments

Extras

Top Quizzes Today


Score Distribution

Your Account Isn't Verified!

In order to create a playlist on Sporcle, you need to verify the email address you used during registration. Go to your Sporcle Settings to finish the process.

Report this User

Report this user for behavior that violates our Community Guidelines.

Details: